书目信息 |
| 题名: |
高级水生生物学
|
|
| 作者: | 刘建康 主编 | |
| 分册: | ||
| 出版信息: | 北京 科学出版社 1999 |
|
| 页数: | 402页 | |
| 开本: | 26cm | |
| 丛书名: | 中国科学院研究生教学丛书 | |
| 单 册: | ||
| 中图分类: | Q17 | |
| 科图分类: | ||
| 主题词: | 水生生物学 | |
| 电子资源: | ||
| ISBN: | 7-03-006987-0 | |
| 000 | 00613nam2 2200217 45 | |
| 001 | 0301131502 | |
| 005 | 20050627172417.5 | |
| 010 | @a7-03-006987-0@dCNY45.00 | |
| 100 | @a20030113d1999 km y0chiy0120 ea | |
| 101 | 0 | @achi |
| 105 | @a z 000yy | |
| 200 | 1 | @a高级水生生物学@AGao Ji Shui Sheng Sheng Wu Xue@f刘建康主编@FLiu JianKang Zhu Bian |
| 210 | @a北京@c科学出版社@d1999 | |
| 215 | @a402页@d26cm | |
| 225 | @a中国科学院研究生教学丛书 | |
| 410 | @12001 @a中国科学院研究生教学丛书 | |
| 606 | 0 | @a水生生物学 |
| 690 | @aQ17@v4 | |
| 701 | 0 | @a刘建康@4主编 |
| 801 | @aCN@bTSTC@c20030113 | |
| 905 | @dQ17@e57 | |
| 高级水生生物学/刘建康主编.-北京:科学出版社,1999 |
| 402页;26cm.-(中国科学院研究生教学丛书) |
| ISBN 7-03-006987-0:CNY45.00 |
| ● |
| 相关链接 |
|
|
|
|
正题名:高级水生生物学
索取号:Q17/57
 
预约/预借
| 序号 | 登录号 | 条形码 | 馆藏地/架位号 | 状态 | 备注 |
| 1 | 0319266 | 203192669 | 第三借阅区/ [索取号:Q17/57] | 在馆 | |
| 2 | 0319267 | 203192678 | 第三借阅区/ [索取号:Q17/57] | 在馆 | |
| 3 | 0319268 | 203192687 | 第二样本阅览室/ [索取号:Q17/57] | 在馆 |